[Event "CAN-ch Post-Secondary A"]
[Site "Waterloo"]
[Date "2011.01.16"]
[Round "3.3"]
[White "McDonald, Justin"]
[Black "Lacau Rodean, Iulia"]
[Result "1-0"]
[WhiteElo "2006"]
[BlackElo "2073"]
[PlyCount "91"]
[EventDate "2011.01.15"]
[EventType "swiss"]
[EventRounds "4"]
[EventCountry "CAN"]
[SourceTitle "EXT 2022"]
[Source "ChessBase"]
[SourceDate "2021.10.06"]
[SourceVersion "1"]
[SourceVersionDate "2021.10.06"]
[SourceQuality "1"]

1. e4 c5 2. f4 d6 3. Nf3 Nc6 4. Nc3 e6 5. d3 g6 6. g3 Bg7 7. Bg2 Nge7 8. Be3 Nd4 9. Qd2 Rb8 10. Rb1 0-0 11. 0-0 Bd7 12. Ne2 Nxe2+ 13. Qxe2 a6 14. Rfd1 b5 15. e5 Qc7 16. d4 cxd4 17. exd6 Qxd6 18. Nxd4 Qc7 19. Nb3 Bc6 20. Nc5 Qc8 21. Bxc6 Qxc6 22. Nd7 Nd5 23. Nxb8 Rxb8 24. Bf2 Rc8 25. c3 Qc7 26. Bd4 Bxd4+ 27. Rxd4 Qc5 28. Qf2 a5 29. Rbd1 a4 30. a3 Kg7 31. g4 Nb6 32. Rd8 Qxf2+ 33. Kxf2 Rc5 34. Rb8 Nd5 35. Kg3 h6 36. h4 g5 37. hxg5 hxg5 38. fxg5 Kg6 39. Rb7 Kxg5 40. Rxf7 Kg6 41. Rb7 Kf6 42. Rh1 Ne7 43. Rh5 Nd5 44. Rhh7 Ke5 45. Rhf7 Nf6 46. g5 1-0

[Event "Guelph Fall ProAm"]
[Site "Guelph"]
[Date "2010.11.07"]
[Round "4"]
[White "Lacau Rodean, Iulia"]
[Black "Plotkin, Victor"]
[Result "0-1"]
[WhiteElo "2031"]
[BlackElo "2398"]
[PlyCount "90"]
[EventDate "2010.11.06"]
[EventType "swiss"]
[EventRounds "5"]
[EventCountry "CAN"]
[SourceTitle "EXT 2022"]
[Source "ChessBase"]
[SourceDate "2021.10.06"]
[SourceVersion "1"]
[SourceVersionDate "2021.10.06"]
[SourceQuality "1"]

1. e4 e5 2. Nf3 Nf6 3. Nxe5 Nxe4 4. Qe2 Qe7 5. Qxe4 d6 6. d4 dxe5 7. dxe5 Nc6 8. Bb5 Bd7 9. 0-0 0-0-0 10. Bxc6 Bxc6 11. Qe3 Kb8 12. Bd2 h5 13. Bc3 g5 14. Nd2 Bh6 15. e6 g4 16. Qe2 Rhe8 17. Nb3 fxe6 18. Nd4 Bd5 19. Rad1 Bf4 20. Bd2 Bf3 21. gxf3 Rxd4 22. Bxf4 Rxf4 23. fxg4 Rxg4+ 24. Kh1 Rgg8 25. Rd3 Qf6 26. Re3 Qxb2 27. Rxe6 Ref8 28. Re1 a6 29. Qxh5 Qxc2 30. Re8+ Ka7 31. Rxf8 Rxf8 32. Qe2 Rxf2 33. Qxc2 Rxc2 34. a4 c5 35. Ra1 Kb6 36. Ra3 c4 37. h4 Rd2 38. h5 Kc5 39. h6 Rd7 40. Kg2 Kb4 41. Rh3 Rh7 42. Rh4 Kb3 43. Kf3 c3 44. Ke3 c2 45. Kd2 Re7 0-1

[Event "Olympiad Women-39"]
[Site "Khanty-Mansiysk"]
[Date "2010.10.03"]
[Round "11.29"]
[White "Gutierrez Salazar, Leonela"]
[Black "Lacau Rodean, Iulia"]
[Result "1-0"]
[WhiteElo "2062"]
[BlackElo "2024"]
[PlyCount "117"]
[EventDate "2010.09.21"]
[EventType "team-swiss"]
[EventRounds "11"]
[EventCountry "RUS"]
[SourceTitle "CBM 139"]
[Source "ChessBase"]
[SourceDate "2010.11.18"]
[SourceVersion "1"]
[SourceVersionDate "2010.11.18"]
[SourceQuality "1"]
[WhiteTeam "Venezuela (W)"]
[BlackTeam "Canada (W)"]
[WhiteTeamCountry "VEN"]
[BlackTeamCountry "CAN"]

1. e4 c5 2. Nf3 d6 3. d4 cxd4 4. Nxd4 Nf6 5. Nc3 a6 6. f3 e5 7. Nb3 Be7 8. Be3 0-0 9. Qd2 Nbd7 10. 0-0-0 b5 11. g4 b4 12. Nd5 Nxd5 13. Qxd5 Rb8 14. h4 Bb7 15. Qd2 a5 16. Kb1 a4 17. Nc1 Qa5 18. g5 Ba6 19. h5 Bxf1 20. Rdxf1 Nb6 21. Bxb6 Rxb6 22. Rfg1 d5 23. g6 fxg6 24. hxg6 Rxg6 25. Rxg6 hxg6 26. exd5 Rd8 27. Rd1 Qb5 28. Ne2 Kf7 29. Ng3 b3 30. cxb3 axb3 31. a3 Rc8 32. d6 Rc2 33. Qe3 Bd8 34. Qa7+ Kg8 35. Qa8 Qd7 36. Qb8 Rf2 37. Qxb3+ Qf7 38. Qxf7+ Kxf7 39. Rd3 Rg2 40. Ne4 g5 41. d7 g4 42. Nd6+ Ke7 43. fxg4 Rxg4 44. b4 g5 45. b5 Bc7 46. Nc8+ Kd8 47. Na7 Rd4 48. Nc6+ Kxd7 49. Nxd4 exd4 50. Rxd4+ Ke7 51. Kc2 Bb6 52. Rc4 Kd7 53. Kd3 Bf2 54. Rg4 Bh4 55. Rxh4 gxh4 56. Ke3 Kc7 57. Kf3 Kb6 58. a4 h3 59. Kg3 1-0

[Event "Olympiad Women-39"]
[Site "Khanty-Mansiysk"]
[Date "2010.09.25"]
[Round "5.26"]
[White "Lacau Rodean, Iulia"]
[Black "Al Jelda, Fatma"]
[Result "1-0"]
[WhiteElo "2024"]
[BlackElo "1822"]
[PlyCount "65"]
[EventDate "2010.09.21"]
[EventType "team-swiss"]
[EventRounds "11"]
[EventCountry "RUS"]
[SourceTitle "CBM 139"]
[Source "ChessBase"]
[SourceDate "2010.11.18"]
[SourceVersion "1"]
[SourceVersionDate "2010.11.18"]
[SourceQuality "1"]
[WhiteTeam "Canada (W)"]
[BlackTeam "Syria (W)"]
[WhiteTeamCountry "CAN"]
[BlackTeamCountry "SYR"]

1. e4 d6 2. d4 Nf6 3. Nc3 Nbd7 4. f4 e5 5. Bc4 exd4 6. Qxd4 Nc5 7. Nge2 Be6 8. Be3 c6 9. 0-0-0 Qe7 10. Bxe6 Nxe6 11. Qc4 Qc7 12. f5 b5 13. Nxb5 cxb5 14. Qxb5+ Nd7 15. fxe6 fxe6 16. Nf4 Ke7 17. Nxe6 Qc8 18. Bg5+ Nf6 19. Nxf8 Rxf8 20. e5 dxe5 21. Qxe5+ Kf7 22. Rhf1 Re8 23. Qd5+ Qe6 24. Bxf6 gxf6 25. Qxe6+ Rxe6 26. Rd7+ Kg6 27. Rf3 h5 28. Rg3+ Kh6 29. Rgg7 Re5 30. g3 Re1+ 31. Kd2 Rae8 32. Rh7+ Kg6 33. Rdg7+ 1-0

[Event "CAN-ch (Women)"]
[Site "Kitchener"]
[Date "2009.08.04"]
[Round "1"]
[White "Kalaydina, Regina Veronicka"]
[Black "Lacau Rodean, Iulia"]
[Result "1-0"]
[WhiteElo "1879"]
[BlackElo "2035"]
[PlyCount "107"]
[EventDate "2009.08.03"]
[EventType "tourn"]
[EventRounds "7"]
[EventCountry "CAN"]
[SourceTitle "EXT 2011"]
[Source "ChessBase"]
[SourceDate "2010.11.26"]
[SourceVersion "1"]
[SourceVersionDate "2010.11.26"]
[SourceQuality "1"]

1. e4 c5 2. Nf3 d6 3. d4 cxd4 4. Nxd4 Nf6 5. f3 a6 6. c4 e5 7. Nb3 Be7 8. Be3 0-0 9. Be2 b6 10. Nc3 Bb7 11. 0-0 Nbd7 12. a4 a5 13. Qc2 Rc8 14. Rfd1 Ba6 15. Nb5 Bxb5 16. axb5 Qc7 17. Nc1 Nc5 18. Na2 h6 19. b4 Nb7 20. Rac1 Rfd8 21. bxa5 Nxa5 22. Nb4 Qb7 23. Bf1 Rd7 24. g3 Rdd8 25. Qf2 Nb3 26. Rb1 Nc5 27. Nc6 Re8 28. Nxe7+ Qxe7 29. Qd2 Red8 30. Qb4 Ra8 31. Ra1 Qb7 32. Qc3 Rxa1 33. Rxa1 Ra8 34. Bxc5 Rxa1 35. Qxa1 dxc5 36. Qxe5 Qa7 37. Qd6 Qa3 38. Qb8+ Kh7 39. Qf4 Qc3 40. e5 Ne8 41. Qxf7 Qd4+ 42. Kg2 Qd2+ 43. Kh3 Qd8 44. Qf5+ Kg8 45. Bd3 h5 46. Be4 Nc7 47. e6 Qf6 48. Qxf6 gxf6 49. Bf5 Kf8 50. Kh4 Ke7 51. Kxh5 Nxe6 52. Bxe6 Kxe6 53. Kg6 Ke5 54. h4 1-0

[Event "Guelph Spring Pro Am"]
[Site "Guelph"]
[Date "2008.04.19"]
[Round "1"]
[White "Lacau Rodean, Iulia"]
[Black "Martchenko, Alexander"]
[Result "0-1"]
[WhiteElo "2020"]
[BlackElo "2178"]
[PlyCount "86"]
[EventDate "2008.04.19"]
[EventType "swiss"]
[EventRounds "5"]
[EventCountry "CAN"]
[SourceTitle "EXT 2011"]
[Source "ChessBase"]
[SourceDate "2010.11.26"]
[SourceVersion "1"]
[SourceVersionDate "2010.11.26"]
[SourceQuality "1"]

1. e4 c5 2. Nf3 Nc6 3. d3 d6 4. g3 g6 5. Bg2 Bg7 6. 0-0 Nf6 7. c3 0-0 8. h3 Bd7 9. Be3 Rb8 10. Nbd2 b5 11. d4 cxd4 12. cxd4 d5 13. e5 Ne8 14. Nb3 Nc7 15. Nh4 f6 16. f4 e6 17. Nc5 f5 18. Nf3 Re8 19. Ne1 Na5 20. Bd2 Nb7 21. Nxb7 Rxb7 22. Ba5 Qb8 23. Bxc7 Rxc7 24. Nd3 Bf8 25. b4 Rc4 26. Nc5 Bc6 27. Rf3 Qb6 28. Qd2 a5 29. a3 Bxc5 30. dxc5 Qc7 31. Bf1 Rd8 32. Rf2 Bb7 33. Rd1 d4 34. Bxc4 bxc4 35. Qa2 Qc6 36. Kh2 Qd5 37. Rc2 Ba6 38. Qb2 Bb5 39. Rdc1 c3 40. Rxc3 dxc3 41. Qxc3 axb4 42. axb4 Bc6 43. Qb2 Ra8 0-1

[Event "Guelph Winter Pro Am"]
[Site "Guelph"]
[Date "2008.02.02"]
[Round "3"]
[White "Lacau Rodean, Iulia"]
[Black "Zhang, Brent"]
[Result "1-0"]
[WhiteElo "1966"]
[BlackElo "1863"]
[PlyCount "69"]
[EventDate "2008.02.02"]
[EventType "swiss"]
[EventRounds "5"]
[EventCountry "CAN"]
[SourceTitle "EXT 2011"]
[Source "ChessBase"]
[SourceDate "2010.11.26"]
[SourceVersion "1"]
[SourceVersionDate "2010.11.26"]
[SourceQuality "1"]

1. e4 c5 2. Nf3 Nc6 3. d3 d6 4. g3 Nf6 5. Bg2 e6 6. 0-0 Be7 7. h3 Qc7 8. c3 0-0 9. Re1 Rd8 10. d4 d5 11. e5 Ne4 12. Nbd2 Nxd2 13. Bxd2 Bd7 14. Bg5 Be8 15. h4 h6 16. Bxe7 Nxe7 17. g4 Ng6 18. Qd2 Qe7 19. h5 Nh4 20. Qf4 Nxf3+ 21. Bxf3 Rac8 22. Rad1 b5 23. dxc5 Rxc5 24. Rd4 Rdc8 25. Red1 a6 26. Be2 Bd7 27. Qg3 Rf8 28. f4 g5 29. Bd3 gxf4 30. Rxf4 Qg5 31. Rf6 Kg7 32. Rdf1 Be8 33. R1f4 Qxe5 34. Rxf7+ Bxf7 35. Rxf7+ 1-0

[Event "ROM-ch sf U14 Girls"]
[Site "Buzias"]
[Date "2002.03.26"]
[Round "9"]
[White "Lacau Rodean, Iulia"]
[Black "Foisor, Sabina Francesca"]
[Result "1/2-1/2"]
[WhiteElo "2065"]
[BlackElo "1964"]
[PlyCount "43"]
[EventDate "2002.03.18"]
[EventType "swiss"]
[EventRounds "9"]
[EventCountry "ROU"]
[SourceTitle "EXT 2008"]
[Source "ChessBase"]
[SourceDate "2007.11.25"]
[SourceVersion "1"]
[SourceVersionDate "2007.11.25"]
[SourceQuality "1"]

1. e4 d6 2. d4 g6 3. Nc3 Bg7 4. Bc4 c6 5. Qf3 e6 6. Nge2 b5 7. Bb3 Qc7 8. d5 b4 9. Nd1 exd5 10. exd5 c5 11. 0-0 c4 12. Qe4+ Ne7 13. Qxc4 Qxc4 14. Bxc4 Bb7 15. Bf4 Kd7 16. Ne3 Rc8 17. Rab1 Rc5 18. Rfd1 Ba6 19. b3 Ra5 20. Bxa6 Nxa6 21. Bxd6 Rxa2 22. Bf4 1/2-1/2

[Event "ROM-ch sf U14 Girls"]
[Site "Buzias"]
[Date "2002.03.??"]
[Round "?"]
[White "Kovacs, Ondina"]
[Black "Lacau Rodean, Iulia"]
[Result "0-1"]
[WhiteElo "2042"]
[BlackElo "2065"]
[PlyCount "46"]
[EventDate "2002.03.18"]
[EventType "swiss"]
[EventRounds "9"]
[EventCountry "ROU"]
[SourceTitle "EXT 2008"]
[Source "ChessBase"]
[SourceDate "2007.11.25"]
[SourceVersion "1"]
[SourceVersionDate "2007.11.25"]
[SourceQuality "1"]

1. e4 c5 2. Nf3 d6 3. d4 cxd4 4. Nxd4 Nf6 5. Nc3 a6 6. f4 e5 7. Nf3 Qc7 8. f5 b5 9. a3 Be7 10. Be3 Nbd7 11. Bd3 Bb7 12. Qe2 Nc5 13. Bf2 0-0 14. h3 d5 15. Nd2 Rac8 16. Rc1 Nxd3+ 17. Qxd3 Rfd8 18. Qe2 d4 19. Ncb1 d3 20. Qf3 dxc2 21. Nc3 Bxa3 22. Nxb5 axb5 23. Qxa3 Nxe4 0-1

[Event "ROM-ch sf U14 Girls"]
[Site "Buzias"]
[Date "2002.03.??"]
[Round "?"]
[White "Lacau Rodean, Iulia"]
[Black "Craciun, Paula Iulia"]
[Result "1/2-1/2"]
[WhiteElo "2065"]
[BlackElo "1589"]
[PlyCount "111"]
[EventDate "2002.03.18"]
[EventType "swiss"]
[EventRounds "9"]
[EventCountry "ROU"]
[SourceTitle "EXT 2008"]
[Source "ChessBase"]
[SourceDate "2007.11.25"]
[SourceVersion "1"]
[SourceVersionDate "2007.11.25"]
[SourceQuality "1"]

1. e4 c5 2. Nf3 Nc6 3. d3 g6 4. g3 Bg7 5. Bg2 e5 6. 0-0 d6 7. c3 Nge7 8. Nh4 0-0 9. f4 exf4 10. gxf4 f5 11. Nd2 Qc7 12. Ndf3 Rb8 13. Qb3+ Kh8 14. Ng5 h6 15. Ne6 Bxe6 16. Qxe6 Nd8 17. Nxg6+ Nxg6 18. Qxg6 Rf6 19. Qh5 Qf7 20. Qxf7 Rxf7 21. exf5 Rxf5 22. Be4 Rf8 23. f5 b5 24. a3 a5 25. Kh1 b4 26. axb4 axb4 27. Ra7 bxc3 28. bxc3 Bxc3 29. Bxh6 Rf7 30. Ra6 Be5 31. Bf4 Bxf4 32. Rxf4 Rb1+ 33. Kg2 Rb2+ 34. Rf2 Rxf2+ 35. Kxf2 d5 36. Ra8 Rf8 37. Bxd5 Rxf5+ 38. Bf3 Rf8 39. Ke3 Ne6 40. Ra5 Nd4 41. Be4 Rc8 42. Ra7 Nc2+ 43. Kd2 Nd4 44. Rd7 Kg8 45. Kc3 Nb5+ 46. Kc4 Na3+ 47. Kb3 Nb5 48. h4 Rc7 49. Rd5 Nd4+ 50. Kc4 Ne6 51. Re5 Nf4 52. Rg5+ Kh8 53. Rf5 Ne2 54. Rh5+ Kg8 55. Bd5+ Kg7 56. Kb5 1/2-1/2